[Event "Charleville Mezieres op 14th"]
[Site "Charleville Mezieres"]
[Date "2017.12.26"]
[Round "1"]
[White "Laureys, Jo"]
[Black "Decruyenaere, Robbert"]
[Result "0-1"]
[WhiteElo "1388"]
[BlackElo "1779"]
[PlyCount "24"]
[EventDate "2017.12.26"]
[EventType "swiss"]
[EventRounds "7"]
[EventCountry "FRA"]
[SourceTitle "CBM 182 Extra"]
[Source "ChessBase"]
[SourceDate "2018.02.23"]
[SourceVersion "1"]
[SourceVersionDate "2018.02.23"]
[SourceQuality "1"]

1. d4 Nf6 2. Nf3 g6 3. e3 Bg7 4. b3 0-0 5. Bb2 d6 6. Nbd2 Ng4 7. c4 e5 8. Qc2 exd4 9. Nxd4 Nc6 10. Nxc6 bxc6 11. g3 Bf5 12. e4 Re8 0-1

[Event "BEL-ch U16"]
[Site "Blankenberge"]
[Date "2017.04.12"]
[Round "6"]
[White "Decruyenaere, Robbert"]
[Black "Maerevoet, Sim"]
[Result "0-1"]
[WhiteElo "1721"]
[BlackElo "2069"]
[PlyCount "90"]
[EventDate "2017.04.09"]
[EventType "swiss"]
[EventRounds "9"]
[EventCountry "BEL"]
[SourceTitle "CBM 178 Extra"]
[Source "ChessBase"]
[SourceDate "2017.06.22"]
[SourceVersion "1"]
[SourceVersionDate "2017.06.22"]
[SourceQuality "1"]

1. d4 c5 2. d5 Nf6 3. c4 b5 4. Qc2 b4 5. e4 d6 6. Nf3 g6 7. Bd3 Bg7 8. 0-0 0-0 9. Nbd2 Bg4 10. Ne1 e5 11. dxe6 Bxe6 12. f4 Nc6 13. Nef3 Re8 14. Re1 Nh5 15. Nb3 a5 16. a4 bxa3 17. Rxa3 Qb6 18. e5 a4 19. Na1 dxe5 20. fxe5 Bg4 21. Be4 Bxf3 22. Bxf3 Nd4 23. Qf2 Nxf3+ 24. Rxf3 Bxe5 25. Be3 Qxb2 26. Bxc5 Qxf2+ 27. Bxf2 a3 28. Rfe3 f6 29. g4 Ng7 30. c5 Rec8 31. Rb3 Ne6 32. Rb5 Nd4 33. Bxd4 Bxd4+ 34. Kg2 Rxc5 35. Rb3 Bxa1 36. Rxa1 Rc2+ 37. Kg3 a2 38. h4 Rac8 39. Ra3 R8c3+ 40. Rxc3 Rxc3+ 41. Kf4 Ra3 42. h5 g5+ 43. Ke4 Kf7 44. Kf5 Ra4 45. h6 Rf4# 0-1

[Event "EU-ch U14 25th"]
[Site "Porec"]
[Date "2015.09.27"]
[Round "6"]
[White "Decruyenaere, Robbert"]
[Black "Georgakopoulos, Nikolaos K"]
[Result "1/2-1/2"]
[WhiteElo "1736"]
[BlackElo "2060"]
[PlyCount "105"]
[EventDate "2015.09.21"]
[EventType "swiss"]
[EventRounds "9"]
[EventCountry "CRO"]
[SourceTitle "EXT 2016"]
[Source "ChessBase"]
[SourceDate "2015.10.08"]
[SourceVersion "1"]
[SourceVersionDate "2015.10.08"]
[SourceQuality "1"]

1. d4 d5 2. c4 e6 3. Nc3 c6 4. Nf3 Nf6 5. Bg5 h6 6. Bh4 dxc4 7. e3 b5 8. a4 Bb4 9. Qc2 Nbd7 10. Be2 Bb7 11. 0-0 a6 12. b3 cxb3 13. Qxb3 Be7 14. Bg3 0-0 15. Nd2 Nb6 16. Bf3 Nfd5 17. Rfc1 Nxc3 18. Rxc3 Nxa4 19. Rxa4 bxa4 20. Qxb7 Qa5 21. Rc2 a3 22. Ra2 Bb4 23. Nb3 Qa4 24. Nc5 Bxc5 25. dxc5 Qc4 26. Qb1 Qxc5 27. h3 Rad8 28. Rc2 Qb5 29. Qa2 Qb4 30. Rxc6 Rd2 31. Qa1 Rb2 32. Rc1 f5 33. Be5 Rd8 34. Bc3 Qb3 35. Ba5 Rb8 36. Bd1 Qd3 37. Rc3 Qd5 38. Rxa3 Rb1 39. Qc3 Rxd1+ 40. Kh2 Rbb1 41. Bc7 Rg1 42. f3 h5 43. h4 Rh1+ 44. Kg3 g5 45. hxg5 f4+ 46. Bxf4 h4+ 47. Kg4 Qf5+ 48. Kh5 Qf7+ 49. g6 Rb5+ 50. Bg5 Qe7 51. Qc8+ Kg7 52. Qc3+ Kg8 53. Qc8+ 1/2-1/2

[Event "EU-ch U14 25th"]
[Site "Porec"]
[Date "2015.09.25"]
[Round "5"]
[White "Danchevski, Gorast"]
[Black "Decruyenaere, Robbert"]
[Result "0-1"]
[WhiteElo "1516"]
[BlackElo "1736"]
[PlyCount "94"]
[EventDate "2015.09.21"]
[EventType "swiss"]
[EventRounds "9"]
[EventCountry "CRO"]
[SourceTitle "EXT 2016"]
[Source "ChessBase"]
[SourceDate "2015.10.08"]
[SourceVersion "1"]
[SourceVersionDate "2015.10.08"]
[SourceQuality "1"]

1. e4 e6 2. d4 d5 3. Nd2 Nf6 4. e5 Nfd7 5. f4 c5 6. c3 Nc6 7. Ndf3 Qb6 8. Ne2 Be7 9. Qc2 0-0 10. Bd2 cxd4 11. cxd4 f6 12. 0-0-0 a6 13. Kb1 Na5 14. Nc3 Qd8 15. Bd3 f5 16. h3 b5 17. g4 g6 18. gxf5 gxf5 19. Rdg1+ Kh8 20. Rg2 Nc4 21. Rhg1 Ndb6 22. Qd1 Bd7 23. Ne1 Nxd2+ 24. Qxd2 Qc7 25. Rg7 Rg8 26. Qg2 Qd8 27. Nf3 Qf8 28. Rxg8+ Qxg8 29. Qf2 Qf7 30. Rg2 Rg8 31. Qg1 Be8 32. b3 Rxg2 33. Qxg2 Qg7 34. Qxg7+ Kxg7 35. Be2 h6 36. Kc2 Kg6 37. Ne1 b4 38. Nb1 a5 39. Nd2 Na8 40. Nd3 Bb5 41. Nf1 Nc7 42. Ne3 Ba6 43. Ng2 Nb5 44. Kd2 Nxd4 45. Bd1 Nb5 46. Ke3 Nc3 47. Be2 Nxa2 0-1

[Event "Maastricht Limburg op-B 9th"]
[Site "Maastricht"]
[Date "2015.05.24"]
[Round "4"]
[White "Decruyenaere, Robbert"]
[Black "Boom, Harrie"]
[Result "1-0"]
[WhiteElo "1697"]
[BlackElo "1780"]
[PlyCount "115"]
[EventDate "2015.05.22"]
[EventType "swiss"]
[EventRounds "7"]
[EventCountry "NED"]
[SourceTitle "EXT 2016"]
[Source "ChessBase"]
[SourceDate "2015.10.08"]
[SourceVersion "1"]
[SourceVersionDate "2015.10.08"]
[SourceQuality "1"]

1. d4 Nf6 2. c4 g6 3. Nc3 d5 4. cxd5 Nxd5 5. e4 Nxc3 6. bxc3 Bg7 7. Bc4 c5 8. Ne2 Nc6 9. Be3 0-0 10. 0-0 Qc7 11. Qc2 Bd7 12. Rfd1 Na5 13. Qd3 cxd4 14. Bxd4 Bxd4 15. Qxd4 Ba4 16. Bxf7+ Rxf7 17. Qxa4 e5 18. Qb5 a6 19. Qb4 Nc6 20. Qc5 Rc8 21. Rab1 Qb8 22. Qe3 Qc7 23. Rd3 Kg7 24. Rbd1 Re8 25. Ng3 h6 26. Ne2 Ree7 27. Qh3 Qb6 28. Qg3 Qc7 29. Rd5 Kh7 30. Rd6 Rg7 31. Qg4 Ref7 32. f3 Qb6+ 33. Kf1 Qc7 34. Ng3 Re7 35. h4 h5 36. Qg5 Rd7 37. Nf5 Rxd6 38. Qh6+ Kg8 39. Nxd6 Qe7 40. Qg5 Qxg5 41. hxg5 Rd7 42. Ke2 Kf8 43. Rd3 Ke7 44. Nf5+ Ke6 45. Rxd7 Kxd7 46. Nh4 Ne7 47. Kd3 Kc6 48. Kc4 b5+ 49. Kb4 Kb6 50. g3 a5+ 51. Kb3 Kc5 52. a4 bxa4+ 53. Kxa4 Kb6 54. c4 Kc5 55. Kxa5 Kxc4 56. Kb6 Kd4 57. Kc7 Ke3 58. Kd6 1-0

[Event "Maastricht Limburg op-B 9th"]
[Site "Maastricht"]
[Date "2015.05.22"]
[Round "1"]
[White "Ibrahim, Ashraf"]
[Black "Decruyenaere, Robbert"]
[Result "0-1"]
[WhiteElo "1824"]
[BlackElo "1697"]
[PlyCount "44"]
[EventDate "2015.05.22"]
[EventType "swiss"]
[EventRounds "7"]
[EventCountry "NED"]
[SourceTitle "EXT 2016"]
[Source "ChessBase"]
[SourceDate "2015.10.08"]
[SourceVersion "1"]
[SourceVersionDate "2015.10.08"]
[SourceQuality "1"]

1. d4 Nf6 2. c4 g6 3. Nc3 Bg7 4. e4 d6 5. f3 0-0 6. Be3 e5 7. Qd2 exd4 8. Bxd4 Nc6 9. Be3 Re8 10. Bd3 Be6 11. Nd5 Ne5 12. Be2 Bxd5 13. cxd5 c5 14. dxc6 bxc6 15. Bg5 Qb6 16. Nh3 d5 17. Be3 Qb7 18. exd5 Nxd5 19. 0-0 Nxe3 20. Qxe3 Qxb2 21. Ba6 Nc4 22. Qf4 Qb6+ 0-1

[Event "BEL-ch U14"]
[Site "Blankenberge"]
[Date "2015.04.15"]
[Round "6"]
[White "Decruyenaere, Robbert"]
[Black "Koetters, Raphael"]
[Result "1/2-1/2"]
[WhiteElo "1507"]
[BlackElo "1629"]
[PlyCount "139"]
[EventDate "2015.04.12"]
[EventType "swiss"]
[EventRounds "9"]
[EventCountry "BEL"]
[SourceTitle "CBM 166 Extra"]
[Source "ChessBase"]
[SourceDate "2015.06.18"]
[SourceVersion "1"]
[SourceVersionDate "2015.06.18"]
[SourceQuality "1"]

1. d4 Nf6 2. c4 c5 3. d5 b5 4. e4 Nxe4 5. Qf3 Nd6 6. cxb5 a6 7. b6 Bb7 8. Nc3 e6 9. Qg3 Nf5 10. Qc7 Qc8 11. Bf4 Be7 12. Bd3 Nd4 13. Nge2 0-0 14. 0-0 exd5 15. Nxd4 cxd4 16. Ne2 Qxc7 17. Bxc7 Nc6 18. Rfe1 Bf6 19. a3 Ne5 20. Rad1 Rfe8 21. Kf1 Re7 22. Nxd4 g6 23. Bc2 Nc6 24. Rxe7 Bxe7 25. Nf3 Bf6 26. Rxd5 Bxb2 27. Rd3 a5 28. Ba4 Ba6 29. Bxc6 dxc6 30. b7 Bxd3+ 31. Ke1 Re8+ 32. Kd2 Ba6 33. b8Q Rxb8 34. Bxb8 Bxa3 35. Nd4 Bb4+ 36. Kc2 c5 37. Nc6 Bb7 38. Nxb4 cxb4 39. g3 a4 40. Bd6 b3+ 41. Kb2 Bc6 42. Ba3 Kg7 43. Kc3 Kf6 44. Kd3 Kf5 45. h4 Ke5 46. Bb2+ Kd5 47. Ba3 Bb5+ 48. Kc3 Ke4 49. Bc5 Kf3 50. Kb2 f5 51. Be3 Ke2 52. Bb6 f4 53. Bc5 fxg3 54. fxg3 Kf3 55. Bd6 Ke4 56. Bf4 Kd4 57. Bd6 Kd5 58. Bf8 Bd7 59. Be7 Ke6 60. Bg5 Kf5 61. Bf4 Kg4 62. Bd6 h6 63. Bf4 g5 64. hxg5 hxg5 65. Bc7 Kf3 66. Bd6 g4 67. Bf4 Ke2 68. Be5 Kd1 69. Bd6 Bf5 70. Be7 1/2-1/2

[Event "BEL-ch U14"]
[Site "Blankenberge"]
[Date "2015.04.13"]
[Round "2"]
[White "Decruyenaere, Robbert"]
[Black "Beukema, Jasper"]
[Result "1/2-1/2"]
[WhiteElo "1507"]
[BlackElo "1933"]
[PlyCount "115"]
[EventDate "2015.04.12"]
[EventType "swiss"]
[EventRounds "9"]
[EventCountry "BEL"]
[SourceTitle "CBM 166 Extra"]
[Source "ChessBase"]
[SourceDate "2015.06.18"]
[SourceVersion "1"]
[SourceVersionDate "2015.06.18"]
[SourceQuality "1"]

1. d4 d5 2. Nf3 Nf6 3. c4 e6 4. Nc3 c6 5. Bg5 Nbd7 6. e3 Qa5 7. Nd2 dxc4 8. Bf4 b5 9. a4 Qb6 10. Be2 Nd5 11. Bg3 Bb4 12. Nce4 0-0 13. 0-0 N7f6 14. Qc2 Bd7 15. Nxf6+ Nxf6 16. Bf3 Rac8 17. Ne4 Nxe4 18. Bxe4 f5 19. Bf3 a6 20. Rfd1 Be8 21. Bf4 Be7 22. b3 cxb3 23. Qxb3 Bf7 24. Qb2 Bf6 25. Rab1 Rfd8 26. Rdc1 c5 27. axb5 cxd4 28. Rxc8 Rxc8 29. exd4 Bxd4 30. Qe2 e5 31. Be3 e4 32. Bxd4 Qxd4 33. Qd1 Qxd1+ 34. Bxd1 Rb8 35. Be2 axb5 36. Rxb5 Rxb5 37. Bxb5 Kf8 38. Kf1 Ke7 39. f3 exf3 40. gxf3 Kf6 41. Kg2 f4 42. Bc6 Ke5 43. Bb5 g5 44. Kf2 h5 45. Bd7 Be6 46. Be8 h4 47. Bc6 Kf5 48. Be4+ Ke5 49. Bc6 g4 50. fxg4 Bxg4 51. Bb7 Kf5 52. Bc6 Kg5 53. Bb7 Bd7 54. Bf3 Bc8 55. Be2 Bb7 56. Bd1 Kf6 57. Bg4 Kg7 58. Be2 1/2-1/2

[Event "BEL-ch U12"]
[Site "Blankenberge"]
[Date "2014.04.17"]
[Round "7"]
[White "Decruyenaere, Robbert"]
[Black "Pirard, Natan"]
[Result "1/2-1/2"]
[WhiteElo "1526"]
[BlackElo "1693"]
[PlyCount "84"]
[EventDate "2014.04.13"]
[EventType "swiss"]
[EventRounds "9"]
[EventCountry "BEL"]
[SourceTitle "EXT 2022"]
[Source "ChessBase"]
[SourceDate "2021.10.06"]
[SourceVersion "1"]
[SourceVersionDate "2021.10.06"]
[SourceQuality "1"]

1. d4 Nf6 2. c4 g6 3. Nc3 Bg7 4. e4 d6 5. Nf3 0-0 6. Be2 Nbd7 7. 0-0 e5 8. dxe5 dxe5 9. Bg5 c6 10. Qc2 Qe7 11. Rfd1 a5 12. Rd2 Nc5 13. h3 h6 14. Be3 Nh5 15. Rad1 Nf4 16. Bf1 f5 17. Bxc5 Qxc5 18. exf5 gxf5 19. Ne2 Nxe2+ 20. Bxe2 Be6 21. Rd6 Bd5 22. Rd7 e4 23. Ne1 Bd4 24. cxd5 Bxf2+ 25. Kh1 Qxc2 26. Nxc2 cxd5 27. R1xd5 Rac8 28. Na3 f4 29. Rd1 e3 30. Rxb7 Rf6 31. Nc4 Rfc6 32. b3 Rf6 33. Ra7 Rg6 34. Rad7 Rg3 35. Rd8+ Rxd8 36. Rxd8+ Kg7 37. Rd4 f3 38. Bxf3 Rxf3 39. gxf3 e2 40. Re4 e1Q+ 41. Rxe1 Bxe1 42. Kg2 Kf6 1/2-1/2

[Event "BEL-ch U12"]
[Site "Blankenberge"]
[Date "2014.04.16"]
[Round "6"]
[White "Katranov, Lev"]
[Black "Decruyenaere, Robbert"]
[Result "1/2-1/2"]
[WhiteElo "1429"]
[BlackElo "1526"]
[PlyCount "88"]
[EventDate "2014.04.13"]
[EventType "swiss"]
[EventRounds "9"]
[EventCountry "BEL"]
[SourceTitle "EXT 2022"]
[Source "ChessBase"]
[SourceDate "2021.10.06"]
[SourceVersion "1"]
[SourceVersionDate "2021.10.06"]
[SourceQuality "1"]

1. e4 e6 2. d4 d5 3. Nc3 Bb4 4. exd5 exd5 5. Bb5+ c6 6. Ba4 Bf5 7. Nge2 Nf6 8. 0-0 0-0 9. Ng3 Bg6 10. Nce2 Bd6 11. c3 Nbd7 12. Bc2 Bxc2 13. Qxc2 Qc7 14. h3 Rfe8 15. Nf5 Ne4 16. Nxd6 Qxd6 17. Bf4 Qg6 18. Ng3 Ndf6 19. Nxe4 Nxe4 20. Rfe1 Nf6 21. Qxg6 hxg6 22. f3 Nh5 23. Bh2 g5 24. g4 Nf4 25. Bxf4 gxf4 26. Kf2 g5 27. Rxe8+ Rxe8 28. Re1 Rxe1 29. Kxe1 f6 30. Kd2 Kf7 31. b3 Ke6 32. c4 a5 33. Kc3 Kd6 34. a4 b6 35. Kd3 Ke6 36. Kd2 Kd7 37. cxd5 cxd5 38. Kc3 Ke6 39. b4 Kd6 40. bxa5 bxa5 41. Kd2 Ke6 42. Ke2 Kf7 43. Kf2 Kg6 44. Kg2 Kh6 1/2-1/2

[Event "BEL-ch U12"]
[Site "Blankenberge"]
[Date "2014.04.15"]
[Round "4"]
[White "Faybish, Nathaniel"]
[Black "Decruyenaere, Robbert"]
[Result "1/2-1/2"]
[WhiteElo "1612"]
[BlackElo "1526"]
[PlyCount "110"]
[EventDate "2014.04.13"]
[EventType "swiss"]
[EventRounds "9"]
[EventCountry "BEL"]
[SourceTitle "EXT 2022"]
[Source "ChessBase"]
[SourceDate "2021.10.06"]
[SourceVersion "1"]
[SourceVersionDate "2021.10.06"]
[SourceQuality "1"]

1. e4 e6 2. d4 d5 3. exd5 exd5 4. Bd3 Nc6 5. c3 Bd6 6. Ne2 Nge7 7. 0-0 0-0 8. Bf4 Bf5 9. Qc2 Bxd3 10. Qxd3 Ng6 11. Bg3 Re8 12. Bxd6 Qxd6 13. Nd2 Nf4 14. Nxf4 Qxf4 15. Rfe1 Qd6 16. Re2 a6 17. Rae1 Rxe2 18. Qxe2 Qd7 19. Nf3 g6 20. Ne5 Nxe5 21. Qxe5 c6 22. Qe7 Rd8 23. Kf1 h6 24. Re5 Kg7 25. Ke1 g5 26. f3 Kg6 27. Kd2 f6 28. Re6 Qxe7 29. Rxe7 Rb8 30. Kd3 b5 31. Rc7 Rb6 32. g4 h5 33. h3 hxg4 34. hxg4 f5 35. b3 fxg4 36. fxg4 Kf6 37. c4 bxc4+ 38. bxc4 a5 39. cxd5 cxd5 40. Rc5 Ke6 41. Rxa5 Rb1 42. Ra6+ Ke7 43. Rg6 Rd1+ 44. Kc3 Ra1 45. Rxg5 Ke6 46. Re5+ Kd6 47. Re8 Rxa2 48. g5 Rg2 49. Rg8 Ke7 50. g6 Kf6 51. Kb4 Rc2 52. Rd8 Rc4+ 53. Kb5 Rxd4 54. Kc5 Rg4 55. Rxd5 Kxg6 1/2-1/2